Les empires nomades de la Mongolie au Danube : Ve-IVe siècles av. J.-C., XVe-XVIe siècles ap. J.-C. /

Saved in:
Bibliographic Details
Main Author: Chaliand, Gérard, 1934-
Format: Book
Language:French
Published: Paris : Perrin, c1995.
Subjects:
Tags: Add Tag
No Tags, Be the first to tag this record!
LEADER 00840aam a2200265 a 4500
001 005802129-9
005 20020606163548.3
008 951004s1995 fr b b 000 0 fre
010 |a  95210872  
020 |a 2262010803 
035 0 |a ocm33889069 
040 |a DLC  |c DLC 
043 |a ac-----  |a me----- 
050 0 0 |a DS329.4  |b .C48 1995 
100 1 |a Chaliand, Gérard,  |d 1934- 
245 1 4 |a Les empires nomades de la Mongolie au Danube :  |b Ve-IVe siècles av. J.-C., XVe-XVIe siècles ap. J.-C. /  |c Gérard Chaliand. 
246 1 8 |a Empires nomades 
260 |a Paris :  |b Perrin,  |c c1995. 
300 |a 220 p. :  |b maps ;  |c 23 cm. 
504 |a Includes bibliographical references (p. 210-[215]). 
650 0 |a Nomads  |z Asia, Central  |x History. 
651 0 |a Asia, Central  |x History. 
651 0 |a Eurasia  |x History. 
988 |a 20020608 
906 |0 DLC